[Event "Gatineau Commanditaires op"]
[Site "Gatineau CAN"]
[Date "2012.03.06"]
[Round "2"]
[White "Arsenault, Yves"]
[Black "Morones, Oliver"]
[Result "1-0"]
[WhiteElo "1570"]
[BlackElo "1201"]
[PlyCount "69"]
[GameId "2160767909576150"]
[EventDate "2012.02.28"]
[EventType "swiss"]
[EventRounds "4"]
[EventCountry "CAN"]
[SourceTitle "EXT 2013"]
[Source "ChessBase"]
[SourceDate "2012.11.22"]
[SourceVersion "1"]
[SourceVersionDate "2012.11.22"]
[SourceQuality "1"]

1. e4 d5 2. exd5 Qxd5 3. Nc3 Qd8 4. Nf3 Nf6 5. Bc4 h6 6. O-O Bg4 7. h3 Bf5 8. d4 e6 9. a3 Bd6 10. Re1 Nbd7 11. Nb5 Qe7 12. d5 e5 13. Nfd4 Bg6 14. Nxd6+ cxd6 15. Nb5 Nc5 16. b4 Nce4 17. f3 Ng3 18. Be3 Nfh5 19. Nxa7 O-O 20. Nb5 Rac8 21. Bb3 f5 22. f4 Ne4 23. fxe5 Qxe5 24. Qf3 Nhf6 25. Bf4 Qe7 26. Bxd6 Qd7 27. c4 Nxd6 28. Nxd6 Qxd6 29. c5 Qd7 30. d6+ Kh8 31. Be6 Qb5 32. Bxc8 Rxc8 33. Re7 Kh7 34. Rxb7 Ne4 35. Rxb5 1-0

[Event "Gatineau Commanditaires op"]
[Site "Gatineau CAN"]
[Date "2012.03.06"]
[Round "2"]
[White "Berthiaume, Serge"]
[Black "Pilon, Robert"]
[Result "0-1"]
[WhiteElo "1434"]
[BlackElo "1499"]
[PlyCount "78"]
[GameId "2160767909576151"]
[EventDate "2012.02.28"]
[EventType "swiss"]
[EventRounds "4"]
[EventCountry "CAN"]
[SourceTitle "EXT 2013"]
[Source "ChessBase"]
[SourceDate "2012.11.22"]
[SourceVersion "1"]
[SourceVersionDate "2012.11.22"]
[SourceQuality "1"]

1. e4 e6 2. Nf3 d5 3. exd5 exd5 4. d4 Bg4 5. Qe2+ Be7 6. Qb5+ Nd7 7. Qxd5 c6 8. Qb3 Ngf6 9. Bc4 O-O 10. Ng5 Qe8 11. O-O b5 12. Bxf7+ Rxf7 13. Nxf7 Qxf7 14. Qc3 Rc8 15. Qa5 Qg6 16. c3 Bh3 17. g3 Bxf1 18. Kxf1 Qd3+ 19. Ke1 Ng4 20. Qxa7 Nxh2 21. Nd2 Qf5 22. Qb7 Rf8 23. Qxc6 Qxf2+ 24. Kd1 Qf5 25. a4 Bg5 26. axb5 Bxd2 27. Qc4+ Kh8 28. Bxd2 Qf3+ 29. Kc2 Ng4 30. Qd3 Qf2 31. Ra7 Nb6 32. Kb3 Rc8 33. Bf4 Nf6 34. Rc7 Rxc7 35. Bxc7 Nfd7 36. Bf4 Qe1 37. d5 Nc5+ 38. Kc2 Nxd3 39. Kxd3 Qd1+ 0-1

[Event "Gatineau Commanditaires op"]
[Site "Gatineau CAN"]
[Date "2012.03.06"]
[Round "2"]
[White "Gagnon, Fabien"]
[Black "Morel, Joseph"]
[Result "1-0"]
[WhiteElo "1984"]
[BlackElo "1692"]
[PlyCount "75"]
[GameId "2160767909576152"]
[EventDate "2012.02.28"]
[EventType "swiss"]
[EventRounds "4"]
[EventCountry "CAN"]
[SourceTitle "EXT 2013"]
[Source "ChessBase"]
[SourceDate "2012.11.22"]
[SourceVersion "1"]
[SourceVersionDate "2012.11.22"]
[SourceQuality "1"]

1. Nf3 Nf6 2. g3 c5 3. Bg2 Nc6 4. d4 cxd4 5. Nxd4 g6 6. O-O Bg7 7. c4 O-O 8. Nc3 a6 9. h3 Nxd4 10. Qxd4 d6 11. Qd3 Qc7 12. e4 Be6 13. b3 Rac8 14. Bd2 Nd7 15. Rac1 Ne5 16. Qe2 Qd7 17. Nd5 Bxd5 18. exd5 Qf5 19. Rce1 Rfe8 20. g4 Qd3 21. Qxd3 Nxd3 22. Re2 b5 23. cxb5 axb5 24. Be4 Nc5 25. Bb1 Na6 26. Rfe1 Kf8 27. Bg5 f6 28. Bd2 Rc5 29. Be4 Kf7 30. Kf1 e5 31. dxe6+ Ke7 32. b4 Rc4 33. Bd3 Rd4 34. Bxb5 Nxb4 35. Bxe8 Kxe8 36. Bxb4 Rxb4 37. Rc2 Rb8 38. Rc7 1-0

[Event "Gatineau Commanditaires op"]
[Site "Gatineau CAN"]
[Date "2012.03.06"]
[Round "2"]
[White "Guimond, Michel"]
[Black "Brousseau, Yvan"]
[Result "1-0"]
[WhiteElo "1923"]
[BlackElo "2004"]
[PlyCount "49"]
[GameId "2160767909576153"]
[EventDate "2012.02.28"]
[EventType "swiss"]
[EventRounds "4"]
[EventCountry "CAN"]
[SourceTitle "EXT 2013"]
[Source "ChessBase"]
[SourceDate "2012.11.22"]
[SourceVersion "1"]
[SourceVersionDate "2012.11.22"]
[SourceQuality "1"]

1. e4 d5 2. e5 c5 3. c3 Nc6 4. d4 e6 5. Nf3 Qb6 6. Be2 Nh6 7. Na3 cxd4 8. cxd4 Bb4+ 9. Bd2 Nf5 10. Nc2 Bxd2+ 11. Qxd2 Qxb2 12. O-O Nfxd4 13. Nfxd4 Nxd4 14. Qxd4 Qxc2 15. Bb5+ Bd7 16. Rac1 Qe4 17. Qb2 d4 18. Bxd7+ Kxd7 19. Rc4 Ke8 20. Qb5+ Kf8 21. Qc5+ Ke8 22. Rfc1 Rd8 23. Qb5+ Kf8 24. Rc8 Ke7 25. R1c7+ 1-0

[Event "Gatineau Commanditaires op"]
[Site "Gatineau CAN"]
[Date "2012.03.06"]
[Round "2"]
[White "Lacourse, Guy"]
[Black "Corrigan, Paul"]
[Result "1-0"]
[WhiteElo "1745"]
[BlackElo "1056"]
[PlyCount "59"]
[GameId "2160767909576154"]
[EventDate "2012.02.28"]
[EventType "swiss"]
[EventRounds "4"]
[EventCountry "CAN"]
[SourceTitle "EXT 2013"]
[Source "ChessBase"]
[SourceDate "2012.11.22"]
[SourceVersion "1"]
[SourceVersionDate "2012.11.22"]
[SourceQuality "1"]

1. d4 Nf6 2. Nf3 g6 3. c4 Bg7 4. Nc3 O-O 5. e4 d6 6. h3 Nc6 7. Be3 e5 8. d5 Na5 9. b4 b6 10. bxa5 bxa5 11. Bd3 c5 12. dxc6 Qc7 13. Nd5 Nxd5 14. cxd5 Re8 15. O-O f5 16. Qa4 fxe4 17. Bxe4 Rf8 18. Rab1 Ba6 19. Rfe1 Rfb8 20. Bd2 Rxb1 21. Rxb1 Bc8 22. Bxa5 Qf7 23. c7 Bf5 24. Rb8+ Bc8 25. Rxa8 Qf8 26. Ng5 Qe7 27. Rxc8+ Bf8 28. Ne6 Qf7 29. Qd7 Qxd7 30. Rxf8# 1-0

[Event "Gatineau Commanditaires op"]
[Site "Gatineau CAN"]
[Date "2012.03.06"]
[Round "2"]
[White "Legare, Gilles"]
[Black "Laurin, Marcel"]
[Result "0-1"]
[WhiteElo "1063"]
[BlackElo "1542"]
[PlyCount "64"]
[GameId "2160767909576155"]
[EventDate "2012.02.28"]
[EventType "swiss"]
[EventRounds "4"]
[EventCountry "CAN"]
[SourceTitle "EXT 2013"]
[Source "ChessBase"]
[SourceDate "2012.11.22"]
[SourceVersion "1"]
[SourceVersionDate "2012.11.22"]
[SourceQuality "1"]

1. e4 c5 2. Nf3 Nc6 3. g3 d6 4. a4 g6 5. c3 Bg7 6. b4 cxb4 7. Bb2 Bg4 8. Bb5 e6 9. O-O Nge7 10. d4 Kf8 11. Nbd2 bxc3 12. Bxc3 Bxd4 13. a5 Bxc3 14. Ra2 Nd4 15. Be2 Bxd2 16. Nxd4 Bxe2 17. Qxe2 Bxa5 18. Qf3 Kg7 19. Ne2 Rc8 20. Nf4 Rc3 21. Qg4 h5 22. Qxe6 fxe6 23. Nxe6+ Kf7 24. Nxd8+ Bxd8 25. Rxa7 Rc7 26. f4 Nc6 27. Raa1 Kg7 28. f5 gxf5 29. Rxf5 Ne5 30. Raf1 Rf7 31. R1f4 Rxf5 32. Rxf5 Bf6 0-1

[Event "Gatineau Commanditaires op"]
[Site "Gatineau CAN"]
[Date "2012.03.06"]
[Round "2"]
[White "Raymond, Robert"]
[Black "Lemieux, Denis"]
[Result "0-1"]
[WhiteElo "1451"]
[BlackElo "1382"]
[PlyCount "66"]
[GameId "2160767909576156"]
[EventDate "2012.02.28"]
[EventType "swiss"]
[EventRounds "4"]
[EventCountry "CAN"]
[SourceTitle "EXT 2013"]
[Source "ChessBase"]
[SourceDate "2012.11.22"]
[SourceVersion "1"]
[SourceVersionDate "2012.11.22"]
[SourceQuality "1"]

1. e4 c6 2. Nf3 d5 3. d3 dxe4 4. Ng5 Nf6 5. Nc3 exd3 6. Bxd3 e6 7. Nf3 Be7 8. O-O O-O 9. Re1 Nd5 10. Ne2 Nd7 11. b3 N7f6 12. Bb2 Nb4 13. Nc1 Nxd3 14. Nxd3 b6 15. c4 Bb7 16. Qc2 c5 17. Rad1 Qc8 18. Nde5 h6 19. h3 Qc7 20. Re3 Rfd8 21. Rde1 Nd7 22. Nxf7 Kxf7 23. Ne5+ Nxe5 24. Bxe5 Bd6 25. Qe2 Bxe5 26. Rxe5 Bc8 27. Qh5+ Kf8 28. Qf3+ Kg8 29. Qxa8 Bb7 30. Qxa7 Ra8 31. Qxa8+ Bxa8 32. Rxe6 Qb7 33. Re7 Qxg2# 0-1

[Event "Gatineau Commanditaires op"]
[Site "Gatineau CAN"]
[Date "2012.03.06"]
[Round "2"]
[White "Rose, Richard1"]
[Black "Villeneuve, Luc"]
[Result "1/2-1/2"]
[WhiteElo "1824"]
[BlackElo "1601"]
[PlyCount "94"]
[GameId "2160767909576157"]
[EventDate "2012.02.28"]
[EventType "swiss"]
[EventRounds "4"]
[EventCountry "CAN"]
[SourceTitle "EXT 2013"]
[Source "ChessBase"]
[SourceDate "2012.11.22"]
[SourceVersion "1"]
[SourceVersionDate "2012.11.22"]
[SourceQuality "1"]

1. e4 g6 2. d4 Bg7 3. Nf3 d6 4. Bc4 a6 5. O-O Nf6 6. Re1 O-O 7. h3 b5 8. Bb3 Bb7 9. d5 c5 10. c4 Nbd7 11. Nc3 bxc4 12. Bxc4 Nb6 13. Bb3 Nfd7 14. Bf4 f6 15. Qe2 Ne5 16. Bxe5 fxe5 17. Ng5 Bc8 18. Ne6 Bxe6 19. dxe6 Bh6 20. Rad1 Qc8 21. Nd5 Nxd5 22. Bxd5 Rb8 23. b3 Kg7 24. Rd3 a5 25. Red1 Qa6 26. Bc4 Qb6 27. Rf3 Rxf3 28. Qxf3 Rf8 29. Qe2 Rf6 30. Rd3 Qd8 31. Rf3 Rxf3 32. Qxf3 Qf8 33. Qc3 Qd8 34. Bb5 Qa8 35. Qe1 Bg5 36. g3 h5 37. Bc4 Qd8 38. Kg2 Qa8 39. Bd5 Qd8 40. h4 Bf6 41. Kh3 Qb6 42. f3 Qb4 43. Qe2 Qc3 44. Bc6 Qc1 45. Qg2 Qe1 46. Be8 Kh6 47. Kh2 Kh7 1/2-1/2

[Event "Gatineau Commanditaires op"]
[Site "Gatineau CAN"]
[Date "2012.03.06"]
[Round "2"]
[White "Simard, Paul"]
[Black "Traversy, Pierre"]
[Result "1-0"]
[WhiteElo "1165"]
[BlackElo "1096"]
[PlyCount "99"]
[GameId "2160767909576158"]
[EventDate "2012.02.28"]
[EventType "swiss"]
[EventRounds "4"]
[EventCountry "CAN"]
[SourceTitle "EXT 2013"]
[Source "ChessBase"]
[SourceDate "2012.11.22"]
[SourceVersion "1"]
[SourceVersionDate "2012.11.22"]
[SourceQuality "1"]

1. e4 c5 2. Nf3 e6 3. d4 cxd4 4. Nxd4 e5 5. Nf3 Nc6 6. Bc4 h6 7. Nc3 Nf6 8. O-O Be7 9. Be3 b6 10. Nh4 d6 11. h3 Bd7 12. Qf3 Qc8 13. Qe2 Be6 14. Bb5 O-O 15. Rad1 Qc7 16. Ba4 Qb7 17. Nf3 Rad8 18. Bb3 Bd7 19. Nd5 Nxd5 20. Bxd5 Bf6 21. a4 a5 22. Bc4 Qb8 23. Bb5 Qc7 24. Nd2 Be6 25. Nc4 Bxc4 26. Qxc4 Rc8 27. Rd2 Rfd8 28. Rfd1 Be7 29. Qb3 Qb7 30. Bc4 Rf8 31. Bb5 Rc7 32. f4 exf4 33. Bxf4 Ne5 34. Bxe5 dxe5 35. Rd7 Bc5+ 36. Kh2 Rxd7 37. Rxd7 Qxe4 38. Rd1 Qf4+ 39. Kh1 Qf2 40. Qd5 Qxc2 41. b3 Bd4 42. Rf1 Qc5 43. Qe4 Kh8 44. Bd3 g6 45. Qh4 Be3 46. Qf6+ Kh7 47. h4 Bf4 48. h5 Kg8 49. hxg6 Bg5 50. gxf7+ 1-0

[Event "Gatineau Commanditaires op"]
[Site "Gatineau CAN"]
[Date "2012.03.13"]
[Round "3"]
[White "Arsenault, Yves"]
[Black "Danilov, Alex"]
[Result "1-0"]
[WhiteElo "1570"]
[BlackElo "1713"]
[PlyCount "30"]
[GameId "2160767909576159"]
[EventDate "2012.02.28"]
[EventType "swiss"]
[EventRounds "4"]
[EventCountry "CAN"]
[SourceTitle "EXT 2013"]
[Source "ChessBase"]
[SourceDate "2012.11.22"]
[SourceVersion "1"]
[SourceVersionDate "2012.11.22"]
[SourceQuality "1"]

1. e4 c5 2. Nf3 e6 3. Nc3 Nc6 4. d4 cxd4 5. Nxd4 Qc7 6. a3 a6 7. Be2 Nf6 8. O-O Be7 9. Be3 O-O 10. f4 b5 11. Bf3 Bb7 12. e5 Nxd4 13. Bxd4 Bxf3 14. Qxf3 Ne8 15. Qxa8 d6 1-0

[Event "Gatineau Commanditaires op"]
[Site "Gatineau CAN"]
[Date "2012.03.13"]
[Round "3"]
[White "Corrigan, Paul"]
[Black "Legare, Gilles"]
[Result "1-0"]
[WhiteElo "1056"]
[BlackElo "1063"]
[PlyCount "89"]
[GameId "2160767909576160"]
[EventDate "2012.02.28"]
[EventType "swiss"]
[EventRounds "4"]
[EventCountry "CAN"]
[SourceTitle "EXT 2013"]
[Source "ChessBase"]
[SourceDate "2012.11.22"]
[SourceVersion "1"]
[SourceVersionDate "2012.11.22"]
[SourceQuality "1"]

1. e4 b6 2. Nf3 Ba6 3. Bxa6 Nxa6 4. d4 g6 5. Nc3 e6 6. Bg5 Be7 7. Bxe7 Nxe7 8. O-O O-O 9. d5 d6 10. dxe6 f6 11. Qd3 Nb4 12. Qe2 c6 13. a3 a5 14. axb4 axb4 15. Na2 c5 16. Nd2 Qc8 17. Nc4 Qxe6 18. Nxb6 Rxa2 19. Nd7 Rfa8 20. Nb6 R8a7 21. Rxa2 Rxa2 22. Qc4 Qxc4 23. Nxc4 Nc6 24. h3 Nd4 25. Rd1 Nxc2 26. Rxd6 Nd4 27. Rxf6 Kg7 28. Rb6 Ra1+ 29. Kh2 Rf1 30. Kg3 Rh1 31. e5 h5 32. e6 Nf5+ 33. Kf4 Kh6 34. Nd6 Ne7 35. Rb7 g5+ 36. Kf3 Rd1 37. Nf7+ Kg6 38. Rxe7 Rd3+ 39. Ke4 Rd4+ 40. Ke5 Rf4 41. Nh8+ Kh6 42. Kd6 c4 43. Rc7 Rxf2 44. e7 Rf6+ 45. Kd7 1-0

[Event "Gatineau Commanditaires op"]
[Site "Gatineau CAN"]
[Date "2012.03.13"]
[Round "3"]
[White "Gagnon, Fabien"]
[Black "Guimond, Michel"]
[Result "0-1"]
[WhiteElo "1984"]
[BlackElo "1923"]
[PlyCount "62"]
[GameId "2160767909576161"]
[EventDate "2012.02.28"]
[EventType "swiss"]
[EventRounds "4"]
[EventCountry "CAN"]
[SourceTitle "EXT 2013"]
[Source "ChessBase"]
[SourceDate "2012.11.22"]
[SourceVersion "1"]
[SourceVersionDate "2012.11.22"]
[SourceQuality "1"]

1. Nf3 d5 2. g3 f6 3. d4 c6 4. Bg2 Na6 5. c4 e6 6. Nbd2 g5 7. e4 Be7 8. O-O g4 9. Ne1 h5 10. Nd3 dxe4 11. Nxe4 f5 12. Nec5 Nxc5 13. dxc5 Bf6 14. Re1 Ne7 15. Qc2 Ng6 16. Bf4 Nxf4 17. Nxf4 Kf7 18. Rad1 Qc7 19. b4 Bd7 20. Rd6 Rae8 21. Red1 Bc8 22. b5 cxb5 23. cxb5 Be7 24. Nd5 exd5 25. Bxd5+ Kg7 26. Qb2+ Kh7 27. Qd2 Bxd6 28. cxd6 Qg7 29. Rc1 Rd8 30. Qf4 Qf6 31. Be4 Kg6 0-1

[Event "Gatineau Commanditaires op"]
[Site "Gatineau CAN"]
[Date "2012.03.13"]
[Round "3"]
[White "Jiang, Qizhe"]
[Black "Rose, Richard1"]
[Result "0-1"]
[WhiteElo "1354"]
[BlackElo "1824"]
[PlyCount "124"]
[GameId "2160767909576162"]
[EventDate "2012.02.28"]
[EventType "swiss"]
[EventRounds "4"]
[EventCountry "CAN"]
[SourceTitle "EXT 2013"]
[Source "ChessBase"]
[SourceDate "2012.11.22"]
[SourceVersion "1"]
[SourceVersionDate "2012.11.22"]
[SourceQuality "1"]

1. e4 c5 2. Nf3 Nc6 3. d4 cxd4 4. Nxd4 g6 5. Be3 Bg7 6. Nc3 d6 7. Qd2 Nf6 8. O-O-O Ng4 9. f3 Nxe3 10. Qxe3 Nxd4 11. Rxd4 Qb6 12. Rd3 Qxe3+ 13. Rxe3 Bh6 14. Kd2 Bd7 15. Ke2 Bxe3 16. Kxe3 e6 17. Bc4 Rc8 18. Bb3 Ke7 19. Rd1 b5 20. a3 a5 21. a4 bxa4 22. Nxa4 Rb8 23. Ra1 Rb4 24. Nc3 Ra8 25. Na2 Rb6 26. Nc3 a4 27. Bd5 Ra5 28. b3 a3 29. Ra2 Rb8 30. Bc4 Bc6 31. Kd4 d5 32. exd5 exd5 33. Nxd5+ Bxd5 34. Bxd5 Rd8 35. c4 Rb8 36. Kc3 f6 37. b4 Ra4 38. b5 Kd6 39. Kb3 Ra7 40. Rxa3 Rxa3+ 41. Kxa3 Kc5 42. Kb3 Re8 43. Ka4 Re2 44. g4 Rxh2 45. Bf7 f5 46. g5 Rg2 47. Bg8 Rh2 48. b6 Kxb6 49. Kb4 Rh5 50. c5+ Kc7 51. f4 Rh4 52. Kb5 Rxf4 53. Bxh7 Rg4 54. Bxg6 Rxg5 55. Bf7 f4 56. Kc4 Rf5 57. Be6 Rf6 58. Bh3 f3 59. Kd3 Kc6 60. Ke3 f2 61. Bg2+ Kxc5 62. Bh3 f1=Q 0-1

[Event "Gatineau Commanditaires op"]
[Site "Gatineau CAN"]
[Date "2012.03.13"]
[Round "3"]
[White "Lemieux, Denis"]
[Black "Simard, Paul"]
[Result "1-0"]
[WhiteElo "1382"]
[BlackElo "1165"]
[PlyCount "63"]
[GameId "2160767909576163"]
[EventDate "2012.02.28"]
[EventType "swiss"]
[EventRounds "4"]
[EventCountry "CAN"]
[SourceTitle "EXT 2013"]
[Source "ChessBase"]
[SourceDate "2012.11.22"]
[SourceVersion "1"]
[SourceVersionDate "2012.11.22"]
[SourceQuality "1"]

1. d4 d6 2. c4 g6 3. Nc3 Bg7 4. e4 Nf6 5. Nf3 Bg4 6. Be2 O-O 7. h3 Bxf3 8. Bxf3 c5 9. d5 Nbd7 10. O-O Nb6 11. Be2 Re8 12. Qc2 Nbd7 13. f4 Nh5 14. Bxh5 gxh5 15. Qe2 h4 16. Be3 Nb6 17. Rac1 e6 18. b3 e5 19. f5 Nd7 20. Nd1 Nf6 21. Bg5 Qa5 22. Bxh4 a6 23. Rc3 b5 24. Rg3 Kf8 25. Ne3 Nxe4 26. Rxg7 Kxg7 27. Qg4+ Kf8 28. f6 Nxf6 29. Bxf6 Rec8 30. Nf5 Ra7 31. Nxd6 Rca8 32. Qg7# 1-0

[Event "Gatineau Commanditaires op"]
[Site "Gatineau CAN"]
[Date "2012.03.13"]
[Round "3"]
[White "Morones, Oliver"]
[Black "Berthiaume, Serge"]
[Result "1-0"]
[WhiteElo "1201"]
[BlackElo "1434"]
[PlyCount "131"]
[GameId "2160767909576164"]
[EventDate "2012.02.28"]
[EventType "swiss"]
[EventRounds "4"]
[EventCountry "CAN"]
[SourceTitle "EXT 2013"]
[Source "ChessBase"]
[SourceDate "2012.11.22"]
[SourceVersion "1"]
[SourceVersionDate "2012.11.22"]
[SourceQuality "1"]

1. d3 Nf6 2. e4 d6 3. h3 g6 4. Nc3 Bg7 5. Be3 O-O 6. Qf3 c5 7. Be2 Nc6 8. Qg3 Nd4 9. O-O-O Nxe2+ 10. Ngxe2 Bd7 11. Nf4 b5 12. h4 Ng4 13. d4 Nxe3 14. fxe3 b4 15. Nce2 c4 16. h5 Qa5 17. Kd2 c3+ 18. bxc3 bxc3+ 19. Ke1 Rab8 20. Nd5 Rfe8 21. Kf2 Rb2 22. Rc1 Be6 23. Ndxc3 gxh5 24. Nd1 Bg4 25. Nxb2 Qd2 26. Rce1 Qxc2 27. Nd1 Qxe4 28. Ndc3 Qf5+ 29. Kg1 e5 30. Rf1 Qd3 31. Qf2 Rf8 32. Rd1 Qc4 33. Ne4 Qxa2 34. Rd2 Qb1+ 35. Kh2 Qxe4 36. Ng3 Qg6 37. d5 e4 38. Rb1 Be5 39. Kh1 h4 40. Ne2 h3 41. Nf4 hxg2+ 42. Kg1 Qh6 43. Qg3 f5 44. Rxg2 Qf6 45. Qf2 Re8 46. Rb7 Re7 47. Rb8+ Kf7 48. Ne6 Rxe6 49. dxe6+ Qxe6 50. Rb7+ Kg6 51. Qh4 h5 52. Qd8 Bf6 53. Qc7 Be5 54. Rxa7 Qb3 55. Qc1 Kh6 56. Rc2 Kg5 57. Ra3 Qb6 58. Ra8 Kh6 59. Re8 f4 60. Rxe5 dxe5 61. Rc6+ Qxc6 62. Qxc6+ Kg5 63. Kf2 Bf5 64. Qc7 f3 65. Qe7+ Kg4 66. Qg7+ 1-0

[Event "Gatineau Commanditaires op"]
[Site "Gatineau CAN"]
[Date "2012.03.13"]
[Round "3"]
[White "Scantland, Patrick"]
[Black "Dagenais, Benoit"]
[Result "0-1"]
[WhiteElo "1713"]
[BlackElo "1702"]
[PlyCount "60"]
[GameId "2160767909576165"]
[EventDate "2012.02.28"]
[EventType "swiss"]
[EventRounds "4"]
[EventCountry "CAN"]
[SourceTitle "EXT 2013"]
[Source "ChessBase"]
[SourceDate "2012.11.22"]
[SourceVersion "1"]
[SourceVersionDate "2012.11.22"]
[SourceQuality "1"]

1. Nf3 Nf6 2. d4 g6 3. c4 Bg7 4. Nc3 d6 5. e4 c5 6. d5 Nbd7 7. Bd3 Ng4 8. Bd2 Nde5 9. Nxe5 Nxe5 10. Be2 O-O 11. O-O a6 12. f4 Nd7 13. Rc1 Bd4+ 14. Kh1 Nf6 15. Bf3 b5 16. Rc2 bxc4 17. Ne2 a5 18. Nxd4 cxd4 19. e5 Ne8 20. Re1 Ba6 21. Be4 Rb8 22. Qg4 d3 23. Rc3 Rxb2 24. Rd1 Qb6 25. Qg3 Qd4 26. Qe3 Rxd2 27. Qxd2 Qxe4 28. Ra3 Bb7 29. Rxa5 Bxd5 30. Ra7 c3 0-1

[Event "Gatineau Commanditaires op"]
[Site "Gatineau CAN"]
[Date "2012.03.13"]
[Round "3"]
[White "Traversy, Pierre"]
[Black "Menard, Marc"]
[Result "0-1"]
[WhiteElo "1096"]
[BlackElo "1457"]
[PlyCount "80"]
[GameId "2160767909576166"]
[EventDate "2012.02.28"]
[EventType "swiss"]
[EventRounds "4"]
[EventCountry "CAN"]
[SourceTitle "EXT 2013"]
[Source "ChessBase"]
[SourceDate "2012.11.22"]
[SourceVersion "1"]
[SourceVersionDate "2012.11.22"]
[SourceQuality "1"]

1. d4 Nf6 2. Nf3 g6 3. Nc3 Bg7 4. e4 d6 5. h3 O-O 6. Bd3 Nbd7 7. Be3 c5 8. d5 b5 9. Rb1 b4 10. Ne2 a5 11. c4 bxc3 12. Nxc3 Ba6 13. Bc2 Nb6 14. Nd2 Nc4 15. Nxc4 Bxc4 16. b3 Ba6 17. Qd2 Rb8 18. Ne2 Rb4 19. O-O Nxe4 20. Bxe4 Rxe4 21. Rfe1 Qb6 22. Qc2 f5 23. Nf4 Qb4 24. Qd2 Bc3 25. Nd3 Bxd2 26. Nxb4 Bxb4 27. Red1 f4 28. Bd2 Rf5 29. Bxb4 axb4 30. Re1 Rxe1+ 31. Rxe1 Kf7 32. Rd1 Bb7 33. Ra1 Bxd5 34. f3 Rg5 35. Rd1 Bxf3 36. Rd2 Rxg2+ 37. Rxg2 Bxg2 38. Kxg2 g5 39. Kf3 Kf6 40. h4 h6 0-1

[Event "Gatineau Commanditaires op"]
[Site "Gatineau CAN"]
[Date "2012.03.13"]
[Round "3"]
[White "Villeneuve, Luc"]
[Black "Lacourse, Guy"]
[Result "1/2-1/2"]
[WhiteElo "1601"]
[BlackElo "1745"]
[PlyCount "72"]
[GameId "2160767909576167"]
[EventDate "2012.02.28"]
[EventType "swiss"]
[EventRounds "4"]
[EventCountry "CAN"]
[SourceTitle "EXT 2013"]
[Source "ChessBase"]
[SourceDate "2012.11.22"]
[SourceVersion "1"]
[SourceVersionDate "2012.11.22"]
[SourceQuality "1"]

1. Nf3 c5 2. e4 d6 3. d4 cxd4 4. Nxd4 Nf6 5. Nc3 a6 6. h3 e5 7. Nf3 Be7 8. g4 O-O 9. Bg2 Nbd7 10. O-O Nc5 11. Re1 h5 12. g5 Nh7 13. b4 Ne6 14. h4 Re8 15. Nd5 Nc7 16. Nb6 Rb8 17. Nxc8 Rxc8 18. Bh3 Rb8 19. Nd2 g6 20. Nf3 Nf8 21. c4 Nfe6 22. Be3 b6 23. Qd2 Kg7 24. Rac1 Kg8 25. Kh1 Bf8 26. Ng1 Qe7 27. a3 Red8 28. Ne2 Bg7 29. a4 Kh7 30. Rcd1 Qe8 31. b5 a5 32. Qc2 Qe7 33. Rg1 Nc5 34. Nc3 N5e6 35. Ne2 Kg8 36. Rge1 Kh7 1/2-1/2

[Event "Gatineau Commanditaires op"]
[Site "Gatineau CAN"]
[Date "2012.03.20"]
[Round "4"]
[White "Dagenais, Benoit"]
[Black "Guimond, Michel"]
[Result "0-1"]
[WhiteElo "1702"]
[BlackElo "1923"]
[PlyCount "44"]
[GameId "2160767909576168"]
[EventDate "2012.02.28"]
[EventType "swiss"]
[EventRounds "4"]
[EventCountry "CAN"]
[SourceTitle "EXT 2013"]
[Source "ChessBase"]
[SourceDate "2012.11.22"]
[SourceVersion "1"]
[SourceVersionDate "2012.11.22"]
[SourceQuality "1"]

1. e4 e6 2. d4 d5 3. exd5 exd5 4. c4 c6 5. Nf3 Bd6 6. cxd5 cxd5 7. Nc3 Ne7 8. Bb5+ Nbc6 9. Bxc6+ bxc6 10. O-O O-O 11. Be3 Nf5 12. Rc1 Nxe3 13. fxe3 f6 14. e4 Bf4 15. Rc2 dxe4 16. Nxe4 Qd5 17. Nc3 Qh5 18. g3 Be3+ 19. Kh1 Re8 20. Ne2 Bh3 21. Rf2 Bxf2 22. Nf4 Re1+ 0-1

[Event "Gatineau Commanditaires op"]
[Site "Gatineau CAN"]
[Date "2012.03.20"]
[Round "4"]
[White "Danilov, Alex"]
[Black "Morones, Oliver"]
[Result "1-0"]
[Annotator "Danilov,Alexander"]
[WhiteElo "1680"]
[BlackElo "1201"]
[PlyCount "67"]
[GameId "2160767738660353"]
[EventDate "2012.02.28"]
[EventType "swiss"]
[EventRounds "4"]
[EventCountry "CAN"]

1. e4 e5 2. f4 exf4 3. Nf3 Nc6 4. d4 h6 5. Bc4 Na5 6. Bxf7+ Kxf7 7. Ne5+ Ke6 8. Qg4+ Ke7 9. Ng6+ Ke8 10. Nxh8 Qf6 11. Qh5+ Ke7 12. e5 Qe6 13. Ng6+ Kd8 14. Nxf8 Qd5 15. O-O g5 16. c3 b5 17. Qf3 Bb7 18. Qxd5 Bxd5 19. Nh7 Ne7 20. Nd2 Kc8 21. b3 Nf5 22. Nf6 Bf7 23. Nde4 Kb7 24. Nxd7 Kc6 25. Ndf6 Kb6 26. Bd2 Nc6 27. Nd7+ Kb7 28. Nec5+ Kc8 29. g3 Nce7 30. gxf4 g4 31. Rae1 Bd5 32. Nf6 Bf3 33. Rxf3 gxf3 34. Kf2 {1-0.} 1-0

[Event "Gatineau Commanditaires op"]
[Site "Gatineau CAN"]
[Date "2012.03.20"]
[Round "4"]
[White "Legare, Gilles"]
[Black "Berthiaume, Serge"]
[Result "0-1"]
[WhiteElo "1063"]
[BlackElo "1434"]
[PlyCount "24"]
[GameId "2160767909576169"]
[EventDate "2012.02.28"]
[EventType "swiss"]
[EventRounds "4"]
[EventCountry "CAN"]
[SourceTitle "EXT 2013"]
[Source "ChessBase"]
[SourceDate "2012.11.22"]
[SourceVersion "1"]
[SourceVersionDate "2012.11.22"]
[SourceQuality "1"]

1. b3 e5 2. e4 Nf6 3. d3 Bc5 4. Qe2 d6 5. Be3 Ng4 6. Bxc5 dxc5 7. c3 Nc6 8. g3 O-O 9. Bh3 Qg5 10. Bxg4 Bxg4 11. Nf3 Qc1+ 12. Qd1 Qxd1+ 0-1